The making of modern tourism : the cultural history of the British experience, 1600-2000

Saved in:
Bibliographic Details
Other Authors: Berghoff, Hartmut (Editor)
Format: Book
Language:English
Published: New York : Palgrave, 2002
Subjects:
Tags: Add Tag
No Tags, Be the first to tag this record!

MARC

LEADER 00000cam a2200000 i 4500
001 1/54260
008 040511s2002 eng d
020 |a 0-333-97114-0 (hbk.) 
035 |l 10073234 
040 |a GR-MY-UA  |b gre  |e aacr 
041 0 |a eng 
245 1 4 |a The making of modern tourism :  |b the cultural history of the British experience, 1600-2000 /  |c edited by Hartmut Berghoff ... [et al.] 
260 |a New York :   |b Palgrave,   |c 2002 
300 |a xiii, 310 σ.;  |b εικ.;  |c 23 εκ. 
504 |a Περιλαμβάνει βιβλιογραφικές αναφορές και ευρετήριο 
650 0 0 |a Travelers  |z Great Britain  |x History. 
650 0 0 |a Tourism  |z Great Britain  |x History. 
651 0 |a Great Britain  |x Description and travel  |x History. 
700 1 |a Berghoff, Hartmut,  |e edt 
852 |a INST  |b CHIOS  |e 20040511  |h 914.104 MAK  |p 005200023238  |q 005200023238  |t BK  |y 0 
901 |a BIBL2-2003-3 
909 |a Χ  |b 108858 
970 |a ΣΠΕΝΤΖΑ  |b ΕΛΕΝΗ  |z 2003/12/05